Państwa Świata w 1444 roku - Statystyki

Ogólne statystyki
  • Ten quiz został rozwiązany 316 razy
  • Średni wynik to 52 z 536
Odpowiedzi na mapie
Odpowiedzi zakodowano w zielono-czerwonej skali na mapie do tego quizu, zgodnie z poniższymi procentami.
 
Statystyki odpowiedzi
Państwo % Poprawnych
Polska
96%
Wielkie Księstwo Moskiewskie
87%
Litwa
86%
Królestwo Man i Wysp
80%
Szwecja
79%
Anglia
78%
Francja
78%
Norwegia
77%
Węgry
77%
Portugalia
76%
Szkocja
76%
Dania
74%
Zakon Krzyżacki
72%
Austria
69%
Bizancjum
66%
Imperium Osmańskie
66%
Mazowsze
65%
Serbia
65%
Bośnia
64%
Mołdawia
64%
Czechy
62%
Państwo Kościelne
62%
Ateny
61%
Avaria
60%
Mamelucy
60%
Wenecja
60%
Bawaria
58%
Krym
58%
Śląsk
58%
Albania
57%
Joseon
57%
Neapol
56%
Bretania
53%
Pomorze
53%
Kastylia
52%
Maroko
52%
Saksonia
52%
U
52%
Aragonia
50%
Cypr
50%
Hafsydzi
50%
Holandia
50%
Mongolia
50%
Brandenburgia
49%
Ryga
47%
Wołoszczyzna
47%
Ashikaga
43%
Nowogród
43%
Wielka Orda
43%
Gruzja
42%
Szwajcaria
41%
Dynastia Ming
40%
Etiopia
37%
Dai Viet
36%
Burgundia
35%
Tilimsan
35%
Grenada
34%
Hamburg
34%
Kham
34%
Zakon Kawalerów Mieczowych
34%
Genua
33%
Królestwo Merina
33%
Mediolan
33%
Oman
33%
Aztekowie
32%
Jemen
32%
Mali
32%
So
32%
Cuzco
31%
Florencja
31%
Salzburg
31%
Psków
29%
Prowansja
28%
Sabaudia-Piemont
27%
Holsztyn
26%
Nawarra
26%
Delhi
23%
Afganistan
22%
Brema
22%
Flandria
22%
Sri Dźajawardanapura Kotte
22%
Frankfurt
21%
Kolonia
21%
Kong
21%
Meklemburgia
21%
Hesja
20%
Kazań
20%
Perm
20%
Raguza
20%
Fryzja
19%
Anhalt
17%
Bengal
17%
Buchara
17%
Kongo
17%
Karaman
16%
Lotaryngia
16%
Alzacja
15%
Ando
15%
Magdeburg
15%
Timurydzi
15%
Ulm
15%
Badenia
14%
Oldenburg
14%
Orda Nogajska
14%
Toki
14%
Wirtembergia
14%
Benin
13%
Jarosław
13%
Lukka
13%
Palatynat Reński
13%
Riazań
13%
Teodoro
13%
Augsburg
12%
Brunei
12%
Czerkiesja
12%
Munster
12%
Münster
12%
Taungngu
12%
Lubeka
11%
Malediwy
11%
Twer
11%
Utrecht
11%
Fryzja Wschodnia
10%
Irokezi
10%
Nevers
10%
Norymberga
10%
Rostów
10%
Sus
10%
Brunszwik
9%
Medyna
9%
Siena
9%
Burundi
8%
Liege
8%
Odojew
8%
Rwanda
8%
Urbino
8%
Wurzburg
8%
Akwizgran
7%
Apacze
7%
Hospitalerzy z Rodos
7%
Oda
7%
Trapezunt
7%
Ulster
7%
Beludżystan
6%
Candar
6%
Ferrara
6%
Kaszmir
6%
Mogadiszu
6%
Naksos
6%
Songhaj
6%
Ajam
5%
Brabancja
5%
Buganda
5%
Czarne Stopy
5%
Fars
5%
Fazzan
5%
Lüneburg
5%
Mantua
5%
Moguncja
5%
Monomotapa
5%
Adal
4%
Aden
4%
Chanat Czagatajski
4%
Haasa
4%
Kara Kojunlu
4%
Kilwa
4%
Korfu
4%
Malakka
4%
Maravi
4%
Monferrato
4%
Nadżd
4%
Nassau
4%
Ormus
4%
Szyrwan
4%
Tokugawa
4%
Tsang
4%
Verden
4%
Ajnowie
3%
Ak Kojunlu
3%
Angkor
3%
Ansbach
3%
Ardabil
3%
Biełoziero
3%
Desmond
3%
Geldria
3%
Kandy
3%
Katmandu
3%
Madżapahit
3%
Malwa
3%
Manila
3%
Muszasza
3%
Ojraci
3%
Orissa
3%
Ramazan
3%
Sindh
3%
Sistan
3%
Sligo
3%
Szammar
3%
Timbuktu
3%
Transoksania
3%
Assam
2%
Ayutthaya
2%
Bahmanidzi
2%
Czampa
2%
Djerid
2%
Dulkadir
2%
Gudźarat
2%
Haixi
2%
Hidżaz
2%
Imeretia
2%
Jaunpur
2%
Jianzhou
2%
Kaffa
2%
Kanem Bornu
2%
Khorchin
2%
Komancze
2%
Kuba
2%
Leinster
2%
Luba
2%
Mahra
2%
Miskito
2%
Mzab
2%
Saksonia-Lauenburg
2%
Sunda
2%
Trewir
2%
Uesugi
2%
Widźajanagar
2%
Air
1%
Ajuran
1%
Alodia
1%
Andhra
1%
Ava
1%
Chiba
1%
Chorasan
1%
Clanricarde
1%
Colima
1%
Czirokezi
1%
Czukcze
1%
Dahomej
1%
Dakotowie
1%
Delawarowie
1%
Dithmarschen
1%
Dżolof
1%
Fadl
1%
Gazikumukh
1%
Gilan
1%
Guge
1%
Hadramaut
1%
Hosokawa
1%
Jarkend
1%
Jharkhand
1%
Kale
1%
Kamczadałowie
1%
Kildare
1%
Kleve
1%
Koch
1%
Ladakh
1%
Lanna
1%
Lan Xang
1%
Makuria
1%
Marehan
1%
Marrakesz
1%
Medri Bahri
1%
Mewar
1%
Miami
1%
Mohikanie
1%
Mombasa
1%
Multan
1%
Ormond
1%
Ottawa
1%
Oyo
1%
Pueblo
1%
Quito
1%
Shiba
1%
Siak
1%
Solon
1%
Stara Dongola
1%
Sulu
1%
Takeda
1%
Ternate
1%
Tlaxcala
1%
Venad
1%
Warsangali
1%
Yamana
1%
Yao
1%
Abenakowie
0%
Amago
0%
Anazzah
0%
Antemoro
0%
Arakan
0%
Arapaho
0%
Arawak
0%
Ardalan
0%
Assiniboinowie
0%
Bagelkhand
0%
Baglana
0%
Bastar
0%
Bedża
0%
Betsimisaraka
0%
Biapas
0%
Bishnupur
0%
Bitlis
0%
Bono
0%
Buha
0%
Bundelkhand
0%
Bunyoro
0%
Busoga
0%
Buton
0%
Butua
0%
Butuan
0%
Cajamarca
0%
Calchaqui
0%
Calicut
0%
Can Pech
0%
Carib
0%
Cebu
0%
Chachapoyas
0%
Chactemal
0%
Chanda
0%
Charca
0%
Charrua
0%
Chavchuveny
0%
Chichimekowie
0%
Chimu
0%
Chokwe
0%
Chorti
0%
Cocomes
0%
Coixtlahuaca
0%
Colla
0%
Czibcza
0%
Czikasawowie
0%
Czinukowie
0%
Czoktawowie
0%
Dagomba
0%
Damot
0%
Dang
0%
Date
0%
Dawasir
0%
Dhundhar
0%
Donghai
0%
Doti
0%
Dżafna
0%
Dźajsalmer
0%
Dżenne
0%
Ennarea
0%
Fox
0%
Garha
0%
Garhwal
0%
Garjat
0%
Gorkha
0%
Guamar
0%
Guarani
0%
Gwalijar
0%
Hadiya
0%
Hadoti
0%
Haidowie
0%
Hasankeyf
0%
Hatakeyama
0%
Hsenwi
0%
Hsipaw
0%
Huastekowie
0%
Huroni
0%
Huyla
0%
Ichma
0%
Idar
0%
Imagawa
0%
Isshiki
0%
Ito
0%
Itza
0%
Jangladesz
0%
Janjiro
0%
Jeypore
0%
Jhalawad
0%
Jokuci
0%
Jukagirzy
0%
Jumla
0%
Junagarh
0%
Kachar
0%
Kachchh
0%
Kaddo
0%
Kalahandi
0%
Kalinjar
0%
Kalpi
0%
Kalundwe
0%
Kangra
0%
Kano
0%
Kaqchikel
0%
Karabach
0%
Kara Del
0%
Karagwe
0%
Kasanje
0%
Katsina
0%
Kazembe
0%
Kedah
0%
Keonjhar
0%
Keres
0%
Khandesh
0%
Kicze
0%
Kikondja
0%
Kikuchi
0%
Kiowa
0%
Kitabatake
0%
Koczin
0%
Kolathunadu
0%
Konfederacja Illinois
0%
Kono
0%
Kri
0%
Krikowie
0%
Królestwo Hanthawaddy
0%
Kumaon
0%
Kutai
0%
Limbuwan
0%
Lipan
0%
Loango
0%
Lorestan
0%
Lunda
0%
Lundu
0%
Luwu
0%
Macina
0%
Madjas
0%
Maduraj
0%
Maguindanao
0%
Mahafaly
0%
Majsur
0%
Makasar
0%
Makua
0%
Malindi
0%
Manipur
0%
Mapucze
0%
Matlatzinca
0%
Mazandaran
0%
Memmingen
0%
Mescalero
0%
Mewat
0%
Mikhlaf
0%
Mikmakowie
0%
Mistekowie
0%
Mong Kawng
0%
Mong Mao
0%
Mong Nai
0%
Mong Pai
0%
Mong Yang
0%
Mossi
0%
Nadżran
0%
Nagaur
0%
Nakhon Si Thammarat
0%
Nanbu
0%
Nawahowie
0%
Ndongo
0%
Niwch
0%
Nkore
0%
Nupe
0%
Odżibwejowie
0%
Offaly
0%
Ogasawara
0%
Osedżowie
0%
Otomi
0%
Otomo
0%
Ouchi
0%
Pacajes
0%
Pagaruyung
0%
Palembang
0%
Palitana
0%
Pangasinan
0%
Parlakhemudi
0%
Pasai
0%
Pate
0%
Patna
0%
Pattani
0%
Paunisi
0%
Pekoci
0%
Pima
0%
Porbandar
0%
Potawatomi
0%
Potiguara
0%
Powatanowie
0%
Prome
0%
Rassydzi
0%
Ratanpur
0%
Ravensburg
0%
Rewa Kantha
0%
Riukiu
0%
Sadiya
0%
Sakalawa
0%
Saliszowie
0%
Samtskhe
0%
Sarig Yogir
0%
Satake
0%
Shimazu
0%
Shoni
0%
Sirhind
0%
Sirmur
0%
Sofala
0%
Sukhothai
0%
Susquehannock
0%
Szaunisi
0%
Szejeni
0%
Szoszoni
0%
Tafilalt
0%
Taironi
0%
Tapuia
0%
Tarascan
0%
Telingana
0%
Teotitlan
0%
Thomond
0%
Tidore
0%
Tirhut
0%
Tlapanec
0%
Tonala
0%
Tondo
0%
Totonac
0%
Tripura
0%
Tsutsui
0%
Tukkurt
0%
Tumbuka
0%
Tupinamba
0%
Tupiniquim
0%
Tyo
0%
Tyrconnell
0%
Tyrone
0%
Tzotzilowie
0%
Udehejczycy
0%
Utsunomiya
0%
Wanka
0%
Wichita
0%
Wolaita
0%
Xalisco
0%
Xiu
0%
Yaka
0%
Yaqui
0%
Yas
0%
Yeren
0%
Yokotan
0%
Zapotec
0%
Zazzau
0%
Zuni
0%
Nie znaleziono quizów pasujących do podanych kryteriów
Rozkład punktacji
Procent ludzi z każdym wynikiem
Percentyl według liczby udzielonych odpowiedzi
Twoja historia wyników
Nie rozwiązałeś tego quizu